000 00591nam a2200229Ia 4500
003 OSt
005 20220928120811.0
006 a|||||r|||| 00| 0
007 ta
008 220927b |||||||| |||| 00| 0 eng d
024 _a34784
037 _cTextual
040 _aSDCL
_cSDCL
_beng
041 _2eng
_aeng
082 _aX:(B), L3
100 _aMurphy James L
_9451204
245 0 _aIntroductory econometrics.
260 _aGeorgetown
_bRichard D Irwin
_c1973
300 _axii,524p
_ccm.
942 _hX:(B), L3
_cTEXL
_2CC
999 _c765299
_d765299